La perspectiva de la cadena de suministros en el abordaje de la RSE. (Registro nro. 27452)

Detalles MARC
000 -LEADER
fixed length control field 00495 a2200133 4500
001 - CONTROL NUMBER
control field ART_15712
005 - DATE AND TIME OF LATEST TRANSACTION
control field 20260410161918.0
008 - FIXED-LENGTH DATA ELEMENTS--GENERAL INFORMATION
fixed length control field 260409a
100 1# - MAIN ENTRY--PERSONAL NAME
Personal name Jugón, Mónica
245 10 - TITLE STATEMENT
Title La perspectiva de la cadena de suministros en el abordaje de la RSE.
700 1# - ADDED ENTRY--PERSONAL NAME
Personal name Pastor, Sandra
700 1# - ADDED ENTRY--PERSONAL NAME
Personal name Rodríguez de Ramírez, María del Carmen
773 0# - HOST ITEM ENTRY
Title Documentos de trabajo de contabilidad, auditoría y responsabilidad social
Related parts - Año 2, Nº 4 (dic. 2012)
Record control number REV14385

No hay ítems disponibles.